000
00313nam a2200121 a 4500
005
20141022142006.0
008
100906s19uu xx 00 eng d
050
_a
VCD
_b
D54 2000_
245
_a
Reporters at War :
_b
Dying for the story.
260
_b
Discovery channel.
650
_a
motion picture
942
_c
AVM
999
_c
276523
_d
276523